LEADER 01068nam a2200229 4500 001 000000359426 003 CaOOAMICUS 005 20240820150239.0 008 240820s1751 it 000 u ita r 040 $aSeMil$bita 110 21$aConsorzio della Misericordia .$0(OLS)http://semarc/name/120172 245 10$aOrdini appartenenti al governo, e regolamento dell'illustrissimo Consorzio della Misericordia di Milano. 264 1$a(In Milano :$bNella Stamperia di Antonio Agnelli,$c1751. 300 $a84, [2] p. ;$cfol 500 $aMutilo delle pagine 1-72 700 1 $aAgnelli, Antonio$b<1.,$cEditore>.$0(OLS)http://semarc/name/7345 850 $aSeMil 852 $aSeMil$W1$xVenegono$y1$m3Z VI 8/9 FA$j250365$B250511$CSeMilBibl$Z2$F250511 $8I 941 1 $a10 996 $6245$aOrdini appartenenti al governo, e regolamento dell'illustrissimo Consorzio della Misericordia di Milano$9(OLS)http://semarc/title/449875 996 $6264$a(In Milano :$bNella Stamperia di Antonio Agnelli$9(OLS)http://semarc/publisher/56384 LEADER 01174nam a2200277 4500 001 000000349335 003 CaOOAMICUS 005 20220223104917.0 008 220202s2021 it a 000 u ita r 020 $a978-88-7461-564-3 040 $aSeMil$bita 245 03$a1: Dipinti e sculture /$ca cura di Laura Cavazzini e Andrea De Marchi. 264 1$aFirenze :$bMandragora,$c2021. 300 $a157 p. :$bill. ;$c29 cm 541 0 $aOmaggio mons. Mario Delpini (5W X 42) 700 1 $aCavazzini, Laura.$0(OLS)http://semarc/name/115415 700 1 $aDe Marchi, Andrea,$d<1962- >.$0(OLS)http://semarc/name/41229 773 0 $tCollezione Giovanni Arvedi e Luciana Buschini al Museo Diocesano di Cremona .$dFirenze : Mandragora, 2021.$g1$w()349334 850 $aSeMil 852 $aSeMil$W1$xVenegono$y1$m5W X 42$j231864$B240399$CSeMilBibl$Z2$F240399 $81 941 1 $a7 961 $aOmaggio mons. Mario Delpini 996 $6020$a978-88-7461-564-3$9(OLS)http://semarc/number/295213 996 $6245$a1: Dipinti e sculture$9(OLS)http://semarc/title/438896 996 $6264$aFirenze :$bMandragora$9(OLS)http://semarc/publisher/46916